| 000 | 00872cam a2200253 a 4500 | ||
|---|---|---|---|
| 001 | 15209842 | ||
| 003 | OSt | ||
| 005 | 20231208143844.0 | ||
| 008 | 080307s2008 ii ab b 001 0 eng | ||
| 010 | _a 2008010850 | ||
| 020 | _a9789352824779 | ||
| 020 | _a9788131711200 | ||
| 020 | _a9788131716779 (pbk.) | ||
| 040 |
_aDLC _cDLC _dDLC |
||
| 043 | _aa-ii--- | ||
| 050 | 0 | 0 |
_aDS451 _b.S5697 2008 |
| 082 | 0 | 0 |
_a934 _bSIN/P |
| 100 |
_aSingh, Upinder _93330 |
||
| 245 | 1 | 2 |
_a PRACHEENA POORVA MADHYAKALA INDIACHARITHRAM-SILAYUGAM MUTHAL PANTHRANDAM NOOTTANDU VARE = A history of ancient and early medieval India : _bfrom the Stone Age to the 12th century / _cUpinder Singh. |
| 260 |
_bD C books, _c2019. |
||
| 300 |
_a863 p. : _bill. (some col.), col. maps ; _c29 cm. |
||
| 651 | 0 |
_aIndia _xHistory. |
|
| 942 |
_2ddc _cBK _h934 _iSIN/P _k934 _mSIN/P |
||
| 999 |
_c44192 _d44192 |
||